Electromagnetic Waves & Radiating Systems (Record no. 4928)

MARC details
000 -LEADER
fixed length control field 00430nam a2200169Ia 4500
008 - FIXED-LENGTH DATA ELEMENTS--GENERAL INFORMATION
fixed length control field 221030s9999 xx 000 0 und d
020 ## - INTERNATIONAL STANDARD BOOK NUMBER
ISBN 8120300548
041 ## - LANGUAGE CODE
Language code of text/sound track or separate title
082 ## - DEWEY DECIMAL CLASSIFICATION NUMBER
Classification number 105.23
Item number Jor
100 ## - MAIN ENTRY--AUTHOR NAME
Personal name E. C. Jordan
245 #0 - TITLE STATEMENT
Title Electromagnetic Waves & Radiating Systems
Statement of responsibility, etc by E. C. Jordan, K. G. Balmain
260 ## - PUBLICATION, DISTRIBUTION, ETC. (IMPRINT)
Name of publisher PHI
Place of publication New Delhi
Year of publication 1997
300 ## - PHYSICAL DESCRIPTION
Number of Pages 753
650 ## - SUBJECT ADDED ENTRY--TOPICAL TERM
Topical Term EMT
700 ## - ADDED ENTRY--PERSONAL NAME
Personal name K. G. Balmain
942 ## - ADDED ENTRY ELEMENTS (KOHA)
Koha item type Books
Holdings
Accession Number Cost, normal purchase price Full call number Price effective from Koha item type Withdrawn / writtenoff status Materials specified (bound volume or other part) Damaged status Not for loan Permanent Location Current Location Shelving location Date acquired Lost/ Missing status department
BE 1115 150.00 105.23 Jor 10/30/2022 Books   Print     MIET Library, Jammu MIET Library, Jammu BL-Academic Block B, FL-1, CUP-8, SH-1, R-1 03/16/2000   BE